|
|
|
|
| LEADER |
02359nam a2200601 i 4500 |
| 001 |
nkc20223462197 |
| 003 |
CZ PrNK |
| 005 |
20260328205003.0 |
| 007 |
ta |
| 008 |
221007s2022 xr a e 000 0 cze |
| 015 |
|
|
|a cnb003462197
|
| 020 |
|
|
|a 978-80-88458-10-4
|q (AQE advisors ;
|q brožováno)
|
| 035 |
|
|
|a (OCoLC)1354195231
|
| 040 |
|
|
|a BOA001
|b cze
|d ABA001
|e rda
|
| 043 |
|
|
|a e-xr---
|b e-xr-ka
|2 czenas
|
| 045 |
|
|
|a y2y3
|
| 072 |
|
7 |
|a 37.014
|x Vzdělávací a výchovná politika
|2 Konspekt
|9 22
|
| 080 |
|
|
|a 352
|2 MRF
|
| 080 |
|
|
|a 37.014.5
|2 MRF
|
| 080 |
|
|
|a 005.591
|2 MRF
|
| 080 |
|
|
|a (437.318)
|2 MRF
|
| 080 |
|
|
|a (036)
|2 MRF
|
| 100 |
1 |
|
|a Havránek, Jan,
|d 1977-
|7 mzk2006363679
|4 aut
|
| 245 |
1 |
0 |
|a Koncepce vzdělávání města Chodov /
|c autoři: Jan Havránek, Petr Kamínek, Lucie Nencková, Jan Obrovský, Simona Weidnerová, Ondřej Krejčí a kolektiv
|
| 264 |
|
1 |
|a Chodov :
|b město Chodov,
|c [2022]
|
| 300 |
|
|
|a 60 stran :
|b ilustrace (převážně barevné) ;
|c 21 cm
|
| 336 |
|
|
|a text
|b txt
|2 rdacontent
|
| 337 |
|
|
|a bez média
|b n
|2 rdamedia
|
| 338 |
|
|
|a svazek
|b nc
|2 rdacarrier
|
| 500 |
|
|
|a Název z obálky
|
| 504 |
|
|
|a Obsahuje bibliografii
|
| 610 |
1 |
7 |
|a Chodov (Sokolov, Česko).
|b Městský úřad
|7 kv2007363969
|2 czenas
|
| 648 |
|
7 |
|a 2021-2030
|7 ch1094457
|2 czenas
|
| 650 |
0 |
7 |
|a městské úřady
|7 ph123112
|z Česko
|2 czenas
|
| 650 |
0 |
7 |
|a vzdělávací politika
|7 ph127308
|z Česko
|y 2021-2030
|2 czenas
|
| 650 |
0 |
7 |
|a programy a projekty
|7 ph255086
|z Česko
|y 2021-2030
|2 czenas
|
| 650 |
0 |
9 |
|a municipal offices
|z Czechia
|2 eczenas
|
| 650 |
0 |
9 |
|a educational policy
|z Czechia
|y 2021-2030
|2 eczenas
|
| 650 |
0 |
9 |
|a programs and projects
|z Czechia
|y 2021-2030
|2 eczenas
|
| 651 |
|
7 |
|a Chodov (Sokolov, Česko)
|7 ge128935
|2 czenas
|
| 651 |
|
9 |
|a Chodov (Sokolov, Czechia)
|2 eczenas
|
| 655 |
|
7 |
|a informační publikace
|7 fd132454
|2 czenas
|
| 655 |
|
9 |
|a information publications
|2 eczenas
|
| 700 |
1 |
|
|a Kamínek, Petr
|4 aut
|
| 700 |
1 |
|
|a Nencková, Lucie,
|d 1982-
|7 mzk20221165209
|4 aut
|
| 700 |
1 |
|
|a Obrovský, Jan,
|d 1951-
|7 xx0108817
|4 aut
|
| 700 |
1 |
|
|a Weidnerová, Simona
|7 hka2017960221
|4 aut
|
| 700 |
1 |
|
|a Krejčí, Ondřej
|4 aut
|
| 910 |
2 |
|
|a BOA001
|b 2-1494.993
|
| 990 |
|
|
|a BK
|
| 995 |
|
|
|a 01
|
| 991 |
|
|
|b 202210
|c NOV
|
| 996 |
6 |
|
|b 2610917092
|c 2-1494.993
|l MZK
|r Sklad / do 1 hodiny
|n 0
|p p.v.
|w 001902081
|u 000010
|a 1
|e BOA001
|j MZK50
|s P
|